Los traidores
Salvato in:
| Autori principali: | , |
|---|---|
| Natura: | Libro |
| Lingua: | spagnolo |
| Pubblicazione: |
Buenos Aires
Ediciones Losange
1956
|
| Edizione: | 1a. ed |
| Serie: | Colección Cine, 34
|
| Soggetti: | |
| Tags: |
Aggiungi Tag
Nessun Tag, puoi essere il primo ad aggiungerne!!
|
MARC
| LEADER | 00000cam a2200000 a 4500 | ||
|---|---|---|---|
| 001 | UCE0714 | ||
| 003 | CL-VaPUC | ||
| 008 | 140227e19560000ag |||||||||||||||||spa|d | ||
| 082 | 0 | 4 | |a Ar862 |b OCA |2 21 |
| 100 | |a Ocampo, Silvina |e autora |9 596906 | ||
| 700 | 0 | |a Wilcock, J. R |e author |9 573080 | |
| 245 | 1 | 4 | |a Los traidores |
| 250 | |a 1a. ed | ||
| 300 | |a 79 p | ||
| 942 | |c BK | ||
| 945 | |d 20140227 11:27:00 |a dcastane | ||
| 260 | |a Buenos Aires |b Ediciones Losange |c 1956 | ||
| 650 | 0 | |a Teatro argentino |9 330190 | |
| 650 | 0 | |a Literatura argentina |9 320596 | |
| 583 | |a last modification |c 20140227 11:27:00 |k Rodrigo Vera | ||
| 490 | 0 | |a Colección Cine, 34 | |
| 999 | |c 354767 |d 354765 | ||
| 952 | |0 0 |1 0 |3 erb |4 0 |6 AR_862_000000000000000_OCA_1956 |7 0 |8 A |9 460924 |a BIBART |b BIBART |i 5006201 |o Ar862 OCA 1956 |p 5006201 |r 2025-03-13 |w 2019-11-23 |y BK |z Catalogado en:20140227 |k ART | ||